| 000 | 00901nam a2200277 i 4500 | ||
|---|---|---|---|
| 001 | bg | ||
| 003 | BPK | ||
| 005 | 20210430080856.0 | ||
| 008 | 031120s1975 pl a f f |000 0 pol | ||
| 015 | _aPB 1975/5556 | ||
| 040 |
_aWA N _cBPK |
||
| 041 | 0 | _apol | |
| 080 | _a621.314 | ||
| 080 | _a(07) | ||
| 100 | 1 | _aTunia, Henryk. | |
| 245 | 1 | 0 |
_aPodstawy energoelektroniki / _cHenryk Tunia, Bolesław Winiarski. |
| 260 |
_aWarszawa : _bWydawnictwa Naukowo-Techniczne, _c1975. |
||
| 300 |
_a504 s., 1 s. tabl. : _bil., tab., wykr. ; _c25 cm. |
||
| 504 | _aBibliogr. | ||
| 655 | 4 | _aPodręcznik | |
| 650 | 4 | _aEnergoelektronika | |
| 710 | 2 |
_aWydawnictwa Naukowo-Techniczne _4pbl. |
|
| 700 | 1 |
_aWiniarski, Bolesław _d(1924-2000) _eAutor |
|
| 942 |
_2UKD _cKS |
||
| 856 |
_uhttp://koha.tu.koszalin.pl/cgi-bin/koha/opac-detail.pl?biblionumber=16127 _yKatalog online BPK |
||
| 999 |
_c16127 _d16127 |
||